Food and Drink: Keto... or Not? - Statistics

General Stats
  • This quiz has been taken 316 times
  • The average score is 16 of 20
Answer Stats
Question Answer % Correct
Water Keto
93%
Sugar Not
93%
Salmon Keto
91%
Avocado Keto
90%
Pasta Not
90%
Nuts Keto
88%
Egg Keto
88%
Chicken Keto
88%
Bread Not
88%
Potato Not
87%
Black coffee Keto
81%
Rice Not
79%
Orange juice Not
75%
Corn Not
75%
Banana Not
73%
Cheese Keto
72%
Butter Keto
69%
Raspberry Keto
58%
Apple Not
58%
Vodka Keto
37%
No matching quizzes found
Score Distribution
Percent of People with Each Score
Percentile by Number Answered
Your Score History
You have not taken this quiz